| 000 | 00483cam a2200169 4500 | ||
|---|---|---|---|
| 001 | D14344 | ||
| 008 | 090401t xxu||||| |||| 00| 0 eng d | ||
| 035 | _a(Sirsi) u94710 | ||
| 041 | _aeng | ||
| 100 | _aWalford, Edward | ||
| 245 | _aOld and new London: a narrative of its history, its people, and its places. The Southern Suburbs. Volume VI | ||
| 260 |
_aLondon _bCassell Petter and Galpin _cnd |
||
| 350 | _a0 | ||
| 520 | _a2 copies; Shelf 112 | ||
| 942 | _n0 | ||
| 948 | _c04/03/1997 | ||
| 999 |
_c98138 _d98138 |
||